000 00981nas a2200253 4500
001 BR8601495
003 BR-BrBNA
005 20231205090410.0
007 ta
008 230509b bl.|||p| |||| 00| 00por d
040 _aBR-BrBNA
_bpor
_cBiblioteca Nacional de Agricultura
041 _a(En)
072 _aL72
100 1 _aRodrigues, M. de L. de A.
100 1 _aHoner, M.R.
245 1 _aThe collection and identification of first stage larvae of bovine gastrointestinal nematodes: modification of the Whitlock technique (1959)
_bParte de tese
246 1 _aThe collection and identification of first stage larvae of bovine gastrointestinal nematodes: modification of the Whitlock technique (1959)
_bPart of thesis
650 _aBOVINO
650 _aNEMATOIDE
650 _aINTESTINO
773 0 _tPesquisa Veterinaria Brasileira (Brazil)
_xISSN 0100-736X
_g(Jan-Mar 1985), v. 5(1) p. 1-3
_wBR8601495
909 _a202311
_bLúcia
_c55
_dLúcia Elande
942 _2AGRIS
_n0
_cANA
999 _c118153
_d118153